Megfigyelések a hortobágyi csikós és a ménes pusztai életéből
Elmentve itt :
| Szerző: | |
|---|---|
| Dokumentumtípus: | Cikk |
| Sorozat: | Kolligátum
|
| Kulcsszavak: | Lótenyésztés - Magyarország ; Néprajz - magyar |
| Online Access: | http://misc.bibl.u-szeged.hu/24506 |
| LEADER | 00578nab a2200157 i 4500 | ||
|---|---|---|---|
| 001 | misc24506 | ||
| 005 | 20191111110806.0 | ||
| 008 | 170803suuuu hu o 0|| zxx d | ||
| 040 | |a SZTE Miscellanea Repozitórium |b hun | ||
| 041 | |a zxx | ||
| 100 | 1 | |a Balogh Elemér | |
| 245 | 1 | 0 | |a Megfigyelések a hortobágyi csikós és a ménes pusztai életéből |h [elektronikus dokumentum] / |c Balogh Elemér |
| 300 | |a 92-95 | ||
| 490 | 0 | |a Kolligátum | |
| 695 | |a Lótenyésztés - Magyarország ; Néprajz - magyar | ||
| 856 | 4 | 0 | |u http://misc.bibl.u-szeged.hu/24506/1/011_018_092-095.pdf |z Dokumentum-elérés |